=LDR 00000nam 2200000 4500 =001 INLIS000000000020569 =005 20171106092538 =035 ##$$a 0010-061300000020569 =008 171106###########################0###### =041 ##$$a Ind =082 ##$$a 385 =090 ##$$a 385, Nur k =100 ##$$a Nurdin =245 1#$$a Komunikasi propaganda /$c Nurudin =260 ##$$a Bandung :$b Remaja Rosdakarya,$c 2002 =300 ##$$a viii, 155 hlm ; $c 23 cm =650 ##$$a Komunikasi =850 ##$$a NBPNMAT =020 ##$$a 979-692-109 -X =084 ##$$a 385 Nur k =990 ##$$a 0001/BPAP-NTB/20142014 =990 ##$$a 1297412974 =990 ##$$a 20615340 =990 ##$$a 0001/BPAP-NTB/20142014 =990 ##$$a 06590659 =990 ##$$a 01201900659 =990 ##$$a 0001/BPAP-NTB/20142014 =990 ##$$a 20615340